000 00545nam a2200193Ia 4500
005 20250326141029.0
008 250326s9999 xx 000 0 und d
020 _a0-262-19400-7
037 _aTextbook
040 _aFMSL
_beng
_cFMSL
041 _aeng
_2eng
084 _aX.4 N8
_qFMSL
100 _aSturzenegger Federico
_9743560
245 0 _aPolitical economy of reform
_cSturzenegger Federico; Tommasi Mariano
260 _aLondon
_bLondon, MIT
_c1998
300 _a380p
942 _cTB
_hX.4 N8
999 _c1288376
_d1288376